<?xml version="1.0" encoding="UTF-8"?>
<record
    xmlns:xsi="http://www.w3.org/2001/XMLSchema-instance"
    xsi:schemaLocation="http://www.loc.gov/MARC21/slim http://www.loc.gov/standards/marcxml/schema/MARC21slim.xsd"
    xmlns="http://www.loc.gov/MARC21/slim">

  <leader>00497nam a22000977a 4500</leader>
  <datafield tag="999" ind1=" " ind2=" ">
    <subfield code="c">2921</subfield>
    <subfield code="d">2921</subfield>
  </datafield>
  <controlfield tag="008">190410|           ||| | ||||||0| ||spa d</controlfield>
  <datafield tag="245" ind1=" " ind2=" ">
    <subfield code="a">Hueso Esc&#xE1;pula</subfield>
  </datafield>
  <datafield tag="300" ind1=" " ind2=" ">
    <subfield code="e">Hueso Esc&#xE1;pula</subfield>
  </datafield>
  <datafield tag="653" ind1=" " ind2=" ">
    <subfield code="a">Hueso plano, ancho,delgado y triagular</subfield>
    <subfield code="a">Se aplica sobre la parte posterior y superior del t&#xF3;rax a la altura de las siete primeras costillas.</subfield>
    <subfield code="a">Cintura escapular.</subfield>
    <subfield code="a">Acromi&#xF3;n o espina de la esc&#xE1;pula.</subfield>
    <subfield code="a">Apofisis coracoides.</subfield>
    <subfield code="a">Cavidad glenoidea.</subfield>
    <subfield code="a">Fosa supraespinosa.</subfield>
    <subfield code="a">Fosa infraespinosa.</subfield>
  </datafield>
  <datafield tag="942" ind1=" " ind2=" ">
    <subfield code="c">HUESOS</subfield>
    <subfield code="2">ddc</subfield>
  </datafield>
  <datafield tag="952" ind1=" " ind2=" ">
    <subfield code="0">0</subfield>
    <subfield code="1">0</subfield>
    <subfield code="2">ddc</subfield>
    <subfield code="4">0</subfield>
    <subfield code="7">0</subfield>
    <subfield code="a">BFM</subfield>
    <subfield code="b">BFM</subfield>
    <subfield code="c">CR</subfield>
    <subfield code="d">2019-04-23</subfield>
    <subfield code="e">Donaci&#xF3;n Grecia Santill&#xE1;n, Abril 2019.</subfield>
    <subfield code="l">55</subfield>
    <subfield code="p">HE23</subfield>
    <subfield code="r">2025-03-27</subfield>
    <subfield code="s">2025-03-27</subfield>
    <subfield code="t">Ej. 1</subfield>
    <subfield code="w">2019-04-23</subfield>
    <subfield code="y">HUESOS</subfield>
    <subfield code="z">Donaci&#xF3;n Grecia Santill&#xE1;n, Abril 2019.</subfield>
  </datafield>
  <datafield tag="952" ind1=" " ind2=" ">
    <subfield code="0">0</subfield>
    <subfield code="1">0</subfield>
    <subfield code="2">ddc</subfield>
    <subfield code="4">0</subfield>
    <subfield code="7">0</subfield>
    <subfield code="a">BFM</subfield>
    <subfield code="b">BFM</subfield>
    <subfield code="d">2019-04-30</subfield>
    <subfield code="e">Donaci&#xF3;n C&#xE1;tedra de Anatom&#xED;a, Abril 2019.</subfield>
    <subfield code="l">19</subfield>
    <subfield code="p">HE75</subfield>
    <subfield code="r">2025-04-03</subfield>
    <subfield code="s">2025-04-03</subfield>
    <subfield code="t">Ej. 2</subfield>
    <subfield code="w">2019-04-30</subfield>
    <subfield code="y">HUESOS</subfield>
    <subfield code="z">Donaci&#xF3;n C&#xE1;tedra de Anatom&#xED;a, Abril 2019.</subfield>
  </datafield>
  <datafield tag="952" ind1=" " ind2=" ">
    <subfield code="0">0</subfield>
    <subfield code="1">0</subfield>
    <subfield code="2">ddc</subfield>
    <subfield code="4">0</subfield>
    <subfield code="7">0</subfield>
    <subfield code="a">BFM</subfield>
    <subfield code="b">BFM</subfield>
    <subfield code="c">CR</subfield>
    <subfield code="d">2019-04-30</subfield>
    <subfield code="e">Donaci&#xF3;n C&#xE1;tedra de Anatom&#xED;a, Abril 2019.</subfield>
    <subfield code="l">41</subfield>
    <subfield code="p">HE76</subfield>
    <subfield code="r">2026-03-12</subfield>
    <subfield code="s">2026-03-12</subfield>
    <subfield code="t">Ej. 3</subfield>
    <subfield code="w">2019-04-30</subfield>
    <subfield code="y">HUESOS</subfield>
    <subfield code="z">Donaci&#xF3;n C&#xE1;tedra de Anatom&#xED;a, Abril 2019.</subfield>
  </datafield>
  <datafield tag="952" ind1=" " ind2=" ">
    <subfield code="0">0</subfield>
    <subfield code="1">0</subfield>
    <subfield code="2">ddc</subfield>
    <subfield code="4">0</subfield>
    <subfield code="7">0</subfield>
    <subfield code="a">BFM</subfield>
    <subfield code="b">BFM</subfield>
    <subfield code="c">CR</subfield>
    <subfield code="d">2024-08-29</subfield>
    <subfield code="e">Donaci&#xF3;n Juan Ignacio Garrido, Agosto 2024</subfield>
    <subfield code="l">4</subfield>
    <subfield code="p">HE141</subfield>
    <subfield code="r">2025-03-26</subfield>
    <subfield code="s">2025-03-25</subfield>
    <subfield code="t">Ej. 4</subfield>
    <subfield code="w">0000-00-00</subfield>
    <subfield code="y">HUESOS</subfield>
    <subfield code="z">Donaci&#xF3;n Juan Ignacio Garrido, Agosto 2024</subfield>
    <subfield code="f"></subfield>
  </datafield>
</record>
